00793 2200313 4500001002100000005001500021035002000036245005400056100001600110250000600126300003500132260003200167082001000199084001600209020002200225650002800247990001700275990001700292990001700309990001700326990001700343990001700360990001700377990001700394990001700411990001700428990001700445990001700462INLIS00000000000007320180816125322 a0010-08180000371 aEnsiklomini Matematika :bBilangan /cYuti Ariani0 aYuti Ariani a- aiv, 68 hlm. :bilus. ;c25 cm. aKlaten :bCV Sahabat,c2008 a510.3 a510.3 YUT e a978-979-029-105-1 aEnsiklopedia Matematika a00297/P/2018 a00298/P/2018 a00299/P/2018 a00297/P/2018 a00298/P/2018 a00299/P/2018 a00298/P/2018 a00297/P/2018 a00299/P/2018 a00299/P/2018 a00297/P/2018 a00298/P/2018